00407cam a22001217a 4500008004000000082001700040100005300057245007200110260003300182300001100215500002900226700003000255180718b1971 xxu||||| |||| 00| 0 eng d aL2x5433 P969 aPunjab. Taxation Enquiry and Resources Committee aReport of the Taxation Enquiry and Resources Committee Punjab, 1971 aChandigarhbThe authorc1971 a514+p. aChairman: Baldev Pradash aPrakash, Baldev, Chairman